Most Streamed Female Artists On Spotify - Statistics

General Stats
  • This quiz has been taken 298 times
  • The average score is 9 of 16
Answer Stats
# Artist Streams % Correct
1 Taylor Swift 91.9B
97%
8 Beyoncé 24.7B
87%
2 Ariana Grande 48.0B
78%
4 Rihanna 34.5B
74%
3 Billie Eilish 40.3B
72%
11 Nicki Minaj 21.8B
68%
9 Lady Gaga 23.5B
64%
15 Olivia Rodrigo 19.4B
57%
10 Adele 22.3B
48%
5 Dua Lipa 33.1B
48%
14 Doja Cat 20.2B
41%
16 Selena Gomez 19.3B
41%
12 Shakira 21.3B
39%
13 SZA 21.1B
36%
6 Lana Del Rey 26.8B
34%
7 Karol G 26.0B
24%
No matching quizzes found
Score Distribution
Percent of People with Each Score
Percentile by Number Answered
Your Score History
You have not taken this quiz